Finančné vykazovanie v kontexte trvalo udržateľného rozvoja diplomová práca

Uložené v:
Podrobná bibliografia
Hlavný autor: Gallo, Martin
Korporativný autor: Fakulta hospodárskej informatiky EU. Katedra účtovníctva a audítorstva
Ďalší autori: Kubaščíková, Zuzana, 1982-
Médium: Kniha
Jazyk:Slovak
Vydavateľské údaje: Bratislava 2012
Tagy: Pridať tag
Žiadne tagy, Buďte prvý, kto otaguje tento záznam!

MARC

LEADER 00000nbm a2200000 4500
001 0154728
005 20161109102140.7
041 0 |a slo 
044 |a SK 
245 1 0 |a Finančné vykazovanie v kontexte trvalo udržateľného rozvoja  |b diplomová práca  |c Martin Gallo ; školiteľ: Zuzana Kubaščíková 
264 1 |a Bratislava  |c 2012 
300 |a 71 s. 
100 1 |a Gallo, Martin 
700 1 |a Kubaščíková, Zuzana, 1982- 
710 2 |a Fakulta hospodárskej informatiky EU. Katedra účtovníctva a audítorstva